000 00514nam a2200181Ia 4500
008 090124s9999 xx 000 0 und d
082 _b23539
100 _aसोनटक्के क. दि.
245 _a जिद्द
250 _a0
260 _bसन पब्लिकेशन्स
_c1985
300 _a118
600 _aसोनटक्के क. दि.
630 _a जिद्द
700 _aसोनटक्के क. दि.
730 _a जिद्द
942 _cBOOK
999 _c92357
_d92357